000 00439nam a2200169Ia 4500
008 240729s9999 xx 000 0 und d
022 _a1314-4081
245 0 _aCybernetics and Information Technologies
260 _aPoland
260 _bSciendo
650 _a Cybernetics
650 _a Science (General)
650 _aScience
856 _uhttps://doaj.org/toc/72e971d25a04497c89110f6ff7898c92
942 _2ddc
942 _cDOAJEJ
999 _c66246
_d66246
945 _a1
_bMadushi Gamage
_c1
_dMadushi Gamage